| 000 | 00346nam a22001577a 4500 | ||
|---|---|---|---|
| 003 | SGT | ||
| 020 | _a978-0-8247-9776-8 | ||
| 082 |
_a615 _bMOB |
||
| 100 | _aMOBLEY.W.CARY | ||
| 245 | _aAPPLIED PHYSICAL PHARMACY | ||
| 250 | _a3RD | ||
| 260 |
_aINDIA _bMC GRAW HILL _c2023 |
||
| 300 | _a271 | ||
| 650 | _aPHYSICAL PHARMACY | ||
| 942 |
_2ddc _cBK |
||
| 999 |
_c33074 _d33074 |
||